000 00548nam a2200217Ia 4500
003 OSt
005 20240424103155.0
008 210323s9999||||xx |||||||||||||| ||und||
020 _a9780099752813
040 _cSTCPL
041 _aENG
082 _a150
_bMEL-L
100 _aKlein, Melanie
245 0 _aLove guilt and reparation :
_bAnd other works 1921-1945 /
_cby Melanie Klein
260 _aLondon :
_bVintage ,
_c1975 .
300 _a468 p.
_bPB
650 _aEnglish literature
650 _a1921-1945
942 _cBK
942 _2ddc
999 _c58311
_d58311